VCT 2024 Players based on their Countries - Statistics

General Stats
  • This quiz has been taken 532 times
  • The average score is 19 of 23
Answer Stats
Country Representation Answer % Correct
China 15 / 80 (19%) AAAAY | Biank | CHICHOO | FengF | Flex1n | Kai | Knight | Life | LuoK1ng | Lysoar | nobody | Smoggy | whzy | yosemite | ZmjjKK
98%
Turkey 8 / 80 (10%) Alfajer | ATA KAPTAN | cNed | MrFaliN | qRaxs | RieNs | Wo0t | yetujey
97%
Brazil 3 / 80 (4%) aspas | heat | Sacy
97%
South Korea 12 / 80 (15%) ban | BeYN | BuZz | Flashback | Foxy9 | Governor | Karon | Lakia | MaKo | Meteor | Munchkin | t3xture
97%
United States 8 / 80 (10%) C0M | icy | leaf | tex | trent | valyn | zekken | Zellsis
97%
United Kingdom 2 / 80 (3%) benjyfishy | Boaster
94%
Russia 3 / 80 (4%) Chronicle | something | trexx
94%
Canada 2 / 80 (3%) JonahP | TenZ
93%
Chile 6 / 80 (8%) keznit | kiNgg | Mazino | Melser | mta | Shyy
93%
Indonesia 2 / 80 (3%) f0rsakeN | mindfreak
89%
Lithuania 3 / 80 (4%) Boo | ceNder | MiniBoo
88%
Singapore 2 / 80 (3%) Jinggg | nephh
88%
Morocco 1 / 80 (1%) johnqt
86%
Thailand 3 / 80 (4%) Crws | JitboyS | Primmie
84%
Finland 1 / 80 (1%) Derke
79%
Australia 1 / 80 (1%) Autumn
77%
Malaysia 1 / 80 (1%) d4v41
77%
Sweden 1 / 80 (1%) Sayf
69%
Taiwan 2 / 80 (3%) BerLIN | S1Mon
67%
Netherlands 1 / 80 (1%) hiro
63%
Estonia 1 / 80 (1%) Kicks
63%
North Macedonia 1 / 80 (1%) runneR
62%
Hong Kong 1 / 80 (1%) heybay
41%
No matching quizzes found
Score Distribution
Percent of People with Each Score
Percentile by Number Answered
Your Score History
You have not taken this quiz